000 00547cam a22001572 4500
082 _a629.287
_bBEN
_cL-17, P-26
100 1 _aBent, R. W. [from old catalog]
_944437
245 0 0 _aAutomobile maintenance;
_b500 questions and answers for drivers, motor mechanics, and students of automobile engineering.
250 _a2d ed.
260 _aLondon,
_bI. Pitman,
_c1947.
300 _aiv, 68 p.
_c19 cm.
526 _a0
_b0
_c0
_d629_287000000000000_BEN
650 0 _aAutomobiles
_xMaintenance and repair.
_944349
650 0 _aMCE
_9379
942 _2ddc
_cBK
999 _c548224
_d548224